[Event "EUCup Gr1"]
[Site "Eupen"]
[Date "1994.??.??"]
[Round "?"]
[White "Goldin, Alexander"]
[Black "Rasmussen, Casper"]
[Result "1-0"]
[WhiteElo "2590"]
[BlackElo "2255"]

1.d4 g6 2.e4 Bg7 3.Nc3 d6 4.Nf3 c6 5.a4 Nf6 6.Be2 O-O 7.O-O Nbd7 8.a5 Ne8
9.Bg5 Nc7 10.Qd2 f6 11.Be3 Qe8 12.h3 Kh8 13.b4 Qf7 14.b5 f5 15.bxc6 bxc6
16.Bh6 f4 17.Bxg7+ Qxg7 18.Rfe1 g5 19.e5 d5 20.Na4 Ne6 21.Qc3 Rg8 22.Qxc6 g4
23.hxg4 Qxg4 24.Bf1 Rb8 25.Rab1 Rxb1 26.Rxb1 Qxf3 27.Qxe6 Qe4 28.Qxe7 f3
29.Bd3 Rxg2+ 30.Kh1 Rh2+ 31.Kxh2 Qf4+ 32.Kh1 Qh6+ 33.Kg1 Qh5 34.Qxh7+  1-0

[Event "EUCup Gr1"]
[Site "Eupen"]
[Date "1994.??.??"]
[Round "?"]
[White "Razuvaev, Yuri S"]
[Black "Goldin, Alexander"]
[Result "1-0"]
[WhiteElo "2550"]
[BlackElo "2590"]

1.d4 Nf6 2.c4 e6 3.g3 Bb4+ 4.Bd2 Qe7 5.Nf3 Nc6 6.Nc3 d5 7.a3 Bxc3 8.Bxc3 Ne4
9.Qc2 a5 10.b3 O-O 11.Bg2 Bd7 12.O-O Rfd8 13.Bb2 Be8 14.Nh4 Nf6 15.Rad1 Na7
16.Rfe1 a4 17.b4 Bc6 18.e4 dxc4 19.d5 Bd7 20.Qxc4 Nb5 21.Qc1 Ne8 22.dxe6 Bxe6
23.Nf5 Bxf5 24.exf5 Rxd1 25.Qxd1 Rd8 26.Qc1 Qd7 27.Bxb7 Nbd6 28.Bc6 Qxf5
29.Bxa4 h6 30.Bc2 Qg4 31.Qe3 Nf6 32.Bxf6 gxf6 33.Qxh6 f5 34.Qf6 Ra8 35.Bb3 Qf3
36.Qg5+ Kh7 37.Qh4+ Kg6 38.Re3 Qg4 39.Qxg4+ fxg4 40.a4 Kf6 41.Rc3  1-0

[Event "EUCup f"]
[Site "Lyon"]
[Date "1994.??.??"]
[Round "?"]
[White "Huzman, Alexander"]
[Black "Goldin, Alexander"]
[Result "1/2-1/2"]
[WhiteElo "2575"]
[BlackElo "2590"]

1.d4 Nf6 2.c4 e6 3.Nf3 Bb4+ 4.Bd2 Qe7 5.g3 Nc6 6.Nc3 Bxc3 7.Bxc3 Ne4 8.Rc1 O-O
9.Bg2 d6 10.d5 Nd8 11.dxe6 Nxe6 12.O-O Nxc3 13.Rxc3 Bd7 14.Nd4 Qf6 15.Nc2 Bc6
16.Ne3 Bxg2 17.Kxg2 Rfe8 18.Qd2 Nc5 19.Nd5 Qd8 20.Re3 Qd7 21.Rd1 Rxe3 22.Nxe3 Re8
23.b3 g6 24.Qc2 Ne4 25.Rd4 Nf6 26.Qd3 Qe6 27.b4 h6 28.a3 Qe5 29.Kf1 Ne4 30.Kg2 Nf6
31.Kf1 Ne4 32.Kg2 Nf6  1/2-1/2

[Event "EUCup f"]
[Site "Lyon"]
[Date "1994.??.??"]
[Round "?"]
[White "Goldin, Alexander"]
[Black "Horvath, Jozsef"]
[Result "0-1"]
[WhiteElo "2590"]
[BlackElo "2520"]

1.d4 Nf6 2.c4 e6 3.Nf3 b6 4.g3 Ba6 5.b3 Bb7 6.Bg2 Bb4+ 7.Bd2 c5 8.O-O O-O
9.Bc3 Na6 10.Bb2 cxd4 11.a3 Be7 12.b4 Rc8 13.Qxd4 Nb8 14.Nbd2 d6 15.Rfd1 Nbd7
16.Rac1 Rc7 17.Ne1 Qa8 18.e4 Rfc8 19.Nd3 a6 20.f3 h6 21.Qf2 b5 22.cxb5 axb5
23.Rxc7 Rxc7 24.Rc1 Rxc1+ 25.Nxc1 Bd8 26.Ndb3 e5 27.Qe2 d5 28.exd5 Bxd5 29.Kh1 Bb6
30.Nd2 Qc6 31.Ne4 Nxe4 32.fxe4 Bc4 33.Qe1 Nf6 34.h3 Qd6 35.Kh2 Bd4 36.Qd1 Nd7
37.Bf3 Qf6 38.Bxd4 exd4 39.Kg2 Ne5 40.Be2 Qg5 41.Bxc4 Nxc4 42.Qe1 Ne3+ 43.Kh2 Qg6
44.Nd3 Qxe4 45.Qe2 Ng4+ 46.Qxg4 Qxd3 47.Qc8+ Kh7 48.Qd7 Qe2+ 49.Kg1 Qe1+
50.Kg2 Qe4+ 51.Kf2 d3 52.g4 Qf4+ 53.Kg2 d2 54.Qd3+ g6 55.Qd5 Kg7 56.Qd3 h5
57.gxh5 gxh5 58.Qd5 h4  0-1

[Event "Paris"]
[Site "Paris"]
[Date "1994.??.??"]
[Round "1"]
[White "Goldin, Alexander"]
[Black "Relange, Eloi"]
[Result "1/2-1/2"]
[WhiteElo "2585"]
[BlackElo "2420"]

1.Nf3 d5 2.c4 c6 3.d4 e6 4.Qc2 Nd7 5.cxd5 exd5 6.Bf4 Ngf6 7.Nc3 Be7 8.e3 O-O
9.Bd3 Re8 10.h3 Nf8 11.Ne5 Be6 12.O-O N6d7 13.Nf3 Rc8 14.Rab1 c5 15.dxc5 Nxc5
16.Rfd1 Qb6 17.Be5 Nxd3 18.Qxd3 Red8 19.Bd4 Qa5 20.a3 a6 21.Ne2 Qa4 22.Ng3 Nd7
23.Rbc1 Nc5 24.Qb1 g6 25.Rc3 Ne4 26.Rxc8 Rxc8 27.Nxe4 dxe4 28.Nd2 f5 29.Rc1 Qd7
30.b4 a5 31.Rxc8+ Qxc8 32.bxa5 Bxa3 33.Qb5 Bd6 34.g3 h5 35.h4 Kf7 36.Kg2 Ke7
37.Ba1 Qc6 38.Qb2 Bf7 39.Qf6+ Ke8 40.Bd4 Be7 41.Qh8+ Kd7 42.Qg7 Qd5 43.Nb1 f4
44.Nc3 f3+ 45.Kh2 Qc4 46.Kg1 Qe6 47.Kh2 Qc4 48.Kg1 Qe6 49.Kh2  1/2-1/2

[Event "Paris"]
[Site "Paris"]
[Date "1994.??.??"]
[Round "2"]
[White "Hauchard, Arnaud"]
[Black "Goldin, Alexander"]
[Result "0-1"]
[WhiteElo "2485"]
[BlackElo "2585"]

1.d4 Nf6 2.c4 e6 3.Nc3 Bb4 4.Qc2 c5 5.dxc5 O-O 6.Nf3 Na6 7.a3 Bxc3+ 8.Qxc3 Nxc5
9.e3 b6 10.b4 Nce4 11.Qd4 d6 12.Be2 e5 13.Qd3 Bf5 14.Nh4 Be6 15.f3 g5 16.fxe4 gxh4
17.Bb2 Rc8 18.Rc1 Qe7 19.O-O Rfd8 20.Rc2 Ne8 21.Bf3 Qg5 22.Rfc1 Rc7 23.Qe2 Rdc8
24.Kh1 h6 25.Qd3 Kh7 26.Rc3 h3 27.gxh3 Bxh3 28.a4 Qf6 29.Qe2 Ng7 30.Bg4 Bxg4
31.Qxg4 Rxc4 32.Kg2 Rxc3 33.Rxc3 Rg8 34.Kh3 h5 35.Qe2 Qg6 36.Qf3 Ne6 37.Qf5 Qxf5+
38.exf5 Ng5+ 39.Kh4 Nf3+ 40.Kh3 Rg4  0-1

[Event "Paris"]
[Site "Paris"]
[Date "1994.??.??"]
[Round "4"]
[White "Rotstein, Arkadij"]
[Black "Goldin, Alexander"]
[Result "1-0"]
[WhiteElo "2480"]
[BlackElo "2585"]

1.c4 g6 2.Nc3 Bg7 3.d4 d6 4.e4 Nf6 5.f3 O-O 6.Bg5 c5 7.d5 e6 8.Qd2 exd5 9.cxd5 a6
10.a4 Nbd7 11.Nh3 h6 12.Be3 Ne5 13.Nf2 h5 14.Be2 Nh7 15.O-O f5 16.f4 Nf7
17.e5 dxe5 18.Bxc5 Bh6 19.Nd3 e4 20.Ne1 Nd6 21.Nc2 Nf6 22.a5 Rf7 23.Na4 Bf8
24.b4 Bd7 25.Nb6 Rb8 26.Nd4 Nb5 27.Rfd1 Bd6 28.Bxd6 Nxd6 29.Ne6 Qe7 30.Rac1 Nfe8
31.Nc5 Bb5 32.Bxb5 Nxb5 33.Nbd7 Rd8 34.Ne5 Rf6 35.Qb2 Ned6 36.Ncd7 Rxd7 37.Nxd7 Rf7
38.Nc5 g5 39.Ne6 gxf4 40.Rf1 f3 41.gxf3 Rf6 42.Kh1 Kh7 43.Rg1 exf3 44.Qf2 Rg6
45.Rxg6 Kxg6 46.Rg1+ Kh7 47.Qg3  1-0

[Event "Paris"]
[Site "Paris"]
[Date "1994.??.??"]
[Round "5"]
[White "Goldin, Alexander"]
[Black "Prie, Eric"]
[Result "1-0"]
[WhiteElo "2585"]
[BlackElo "2475"]

1.d4 d5 2.c4 c6 3.Nf3 Nf6 4.Nc3 a6 5.g3 b5 6.c5 Bf5 7.Bg2 Nbd7 8.O-O e6 9.Nh4 Bg6
10.Nxg6 hxg6 11.f4 a5 12.Qc2 Ng8 13.e4 dxe4 14.Nxe4 Rc8 15.Nf2 Ndf6 16.Qd1 Ne7
17.g4 Qd7 18.Be3 Ned5 19.Bd2 Qc7 20.Nd3 g5 21.Qe2 gxf4 22.Bxf4 Nxf4 23.Rxf4 Nd7
24.g5 g6 25.h4 Bg7 26.Raf1 O-O 27.h5 e5 28.Rh4 Rce8 29.hxg6 fxg6 30.Rxf8+ Nxf8
31.d5 e4 32.Rxe4 Bd4+ 33.Nf2 Rxe4 34.Qxe4 Bxc5 35.dxc6 Qa7 36.Qd5+ Kh7 37.Qf3 Ne6
38.Qh3+ Kg7 39.Qxe6 Bxf2+ 40.Kf1 Bb6 41.Bd5 Qb8 42.Qd7+ Kh8 43.Qh3+  1-0

[Event "Paris"]
[Site "Paris"]
[Date "1994.??.??"]
[Round "6"]
[White "Kosten, Anthony C"]
[Black "Goldin, Alexander"]
[Result "1/2-1/2"]
[WhiteElo "2515"]
[BlackElo "2585"]

1.c4 e6 2.g3 d5 3.Bg2 c6 4.Nf3 dxc4 5.O-O Nf6 6.a4 Na6 7.Na3 Bxa3 8.Rxa3 Nb4
9.a5 O-O 10.b3 cxb3 11.Qxb3 Nbd5 12.Ne5 Nd7 13.d4 Nxe5 14.dxe5 c5 15.f4 Qc7
16.e4 Ne7 17.Qc2 c4 18.g4 Qc5+ 19.Kh1 Rd8 20.Rh3 Ng6 21.g5 b5 22.Qe2 Bb7
23.Be3 Qc7 24.a6 Bxa6 25.f5 Nf8 26.f6 Qxe5 27.Bf4 Qd4 28.Be3 Qe5 29.Bf4 Qd4
30.Be3 Qe5  1/2-1/2

[Event "Paris"]
[Site "Paris"]
[Date "1994.??.??"]
[Round "7"]
[White "Goldin, Alexander"]
[Black "Minasian, Artashes"]
[Result "1/2-1/2"]
[WhiteElo "2585"]
[BlackElo "2545"]

1.d4 Nf6 2.c4 c5 3.d5 g6 4.Nc3 d6 5.e4 Bg7 6.h3 O-O 7.Bg5 e6 8.Bd3 h6 9.Bh4 exd5
10.cxd5 Bd7 11.a4 Na6 12.Nf3 Nb4 13.O-O Re8 14.Re1 Nxd3 15.Qxd3 Qb6 16.Nd2 Nh5
17.Nc4 Qa6 18.b3 Rab8 19.Bg3 Nxg3 20.Qxg3 g5 21.Nb5 Bxa1 22.Nc7 Be5 23.Qf3 Qxc4
24.bxc4 Rec8 25.Nb5 a6 26.Nc3 b5 27.axb5 axb5 28.cxb5 Bxb5 29.Nxb5 Rxb5 30.h4 Rcb8
31.hxg5 Rb1 32.Kf1 hxg5 33.Qf5 f6 34.g3 Rxe1+ 35.Kxe1 Rd8 36.f4 gxf4 37.gxf4 Bd4
38.Qe6+ Kf8 39.e5 fxe5 40.f5 e4 41.Ke2 Be5 42.Qh6+ Ke7 43.Qh7+ Kf8 44.Qh4 Rb8
45.Qh6+ Ke7 46.Qe6+ Kf8 47.f6 Re8 48.Qd7 Bxf6 49.Qxd6+ Kf7 50.Qxc5 Rd8 51.Qc4 Rd6
52.Ke3 Be7 53.Kxe4 Rd8 54.Ke5 Rd6 55.Qg4  1/2-1/2

[Event "Paris"]
[Site "Paris"]
[Date "1994.??.??"]
[Round "9"]
[White "Chabanon, Jean Luc"]
[Black "Goldin, Alexander"]
[Result "0-1"]
[WhiteElo "2415"]
[BlackElo "2585"]

1.c4 e6 2.d4 Nf6 3.Nc3 Bb4 4.Qc2 O-O 5.a3 Bxc3+ 6.Qxc3 b6 7.Bg5 c5 8.dxc5 bxc5
9.e3 d6 10.Nf3 Nbd7 11.Bd3 Qb6 12.O-O Rb8 13.Rab1 a5 14.Bc2 Bb7 15.Nd2 d5
16.Rfc1 h6 17.Bh4 Rfc8 18.cxd5 Bxd5 19.Nc4 Qa6 20.Nxa5 c4 21.f3 Rc5 22.Be1 Rbb5
23.e4 Rxa5 24.exd5 Nxd5 25.Qd4 Rab5 26.b4 cxb3 27.Bd3 Qxa3 28.Rd1 Qa8 29.Bxb5 Rxb5
30.Bf2 Qb7 31.Rdc1 Rb4 32.Qb2 N7b6 33.Bc5 Na4 34.Qf2 Rb5 35.Bd4 Rb4 36.Bc3 Rb5
37.Bd4 f6 38.Qe1 Kf7 39.Rc4 Nab6 40.Rc5 Na4 41.Rc4 Nab6 42.Rc5 Rxc5 43.Bxc5 Nc4
44.Qh4 Qb5 45.Bd4 e5 46.Qh5+ Kf8 47.Ra1 exd4 48.Ra8+ Ke7 49.Qg6 Kd6 50.Qxg7 Ncb6
51.Qf8+ Kc6 52.Ra1 b2 53.Rb1 Kb7 54.Qf7+ Ka6 55.Qf8 Qb3  0-1

[Event "World op"]
[Site "Philadelphia"]
[Date "1994.??.??"]
[Round "?"]
[White "Goldin, Alexander"]
[Black "Sherzer, Alex"]
[Result "1-0"]
[WhiteElo "2585"]
[BlackElo "2465"]

1.d4 d5 2.c4 c6 3.Nf3 Nf6 4.Nc3 e6 5.Bg5 Be7 6.e3 Nbd7 7.Qc2 b6 8.cxd5 exd5
9.Bd3 Bb7 10.O-O O-O 11.Rad1 Re8 12.Ne5 Nf8 13.f4 N6d7 14.Bxe7 Qxe7 15.Rf3 f6
16.Rh3 h6 17.Ng6 Nxg6 18.Bxg6 Red8 19.Bh7+ Kh8 20.Bd3 Nf8 21.Qf2 Re8 22.Ne2 Bc8
23.f5 Qd6 24.Rf3 Bb7 25.g4 c5 26.h4 cxd4 27.exd4 a5 28.Nf4 Ba6 29.Bb1 Ra7
30.Re1 Rae7 31.Rfe3 Rxe3 32.Rxe3 Rxe3 33.Qxe3 Kg8 34.Bc2 Bc4 35.b3 Bb5 36.Bd1 Bc6
37.Bf3 Kf7 38.Kg2 Bb7 39.Qc1 Ke7 40.a3 Kf7 41.Be2 Ke7 42.Bb5 Kf7 43.Qe3 Bc6
44.Bxc6 Qxc6 45.Qf3 Qc2+ 46.Kg3 Qb1 47.Qxd5+ Ke7 48.Kf2 Qb2+ 49.Kf3 Qc3+
50.Kf2 Qb2+ 51.Ne2 Qxa3 52.Qg8 Ke8 53.Qxg7 Qxb3 54.Qxf6 a4 55.Qe5+ Kd7 56.g5 hxg5
57.hxg5 Qf7 58.Nc3 Kc8 59.Qb5 Qc7 60.Qe8+ Kb7 61.Qe4+ Kb8 62.Nxa4 Qh2+ 63.Ke3 Qg1+
64.Ke2 Nd7 65.Qf4+ Kc8 66.Nc3 Qg2+ 67.Kd3 Qh3+ 68.Kc2 Qg2+ 69.Kb3 Qc6 70.Qe4 Qd6
71.g6 Nf6 72.Qe5 Kd7 73.Qxd6+ Kxd6 74.Kc4 Ng4 75.Ne4+ Ke7 76.f6+ Nxf6 77.Nxf6 Kxf6
78.Kb5  1-0

[Event "World op"]
[Site "Philadelphia"]
[Date "1994.??.??"]
[Round "?"]
[White "Goldin, Alexander"]
[Black "Byrne, Robert E"]
[Result "1/2-1/2"]
[WhiteElo "2585"]
[BlackElo "2460"]

1.d4 Nf6 2.c4 g6 3.g3 Bg7 4.Bg2 O-O 5.Nc3 d6 6.Nf3 Nc6 7.O-O a6 8.h3 Rb8
9.e4 b5 10.e5 dxe5 11.dxe5 Qxd1 12.Rxd1 Nd7 13.e6 fxe6 14.cxb5 axb5 15.Bf4 Nde5
16.Nxe5 Nxe5 17.Rac1 c5 18.Ne4 c4 19.Nc5 Rb6 20.b3 cxb3 21.axb3 Kf7 22.Re1 Nd7
23.Bc7 Nxc5 24.Rxc5 Ra6 25.Rxb5 Ra2 26.Rd1 Rb2 27.Bf4 Ba6 28.Rb6 Bc4 29.b4 Bc3
30.Rd7 Rxb4 31.Rxe7+ Kxe7 32.Bd6+ Kf7 33.Bxb4 Bxb4 34.Rxb4 Ba6 35.Rb6 Bc8
36.h4 h6 37.Be4 g5 38.h5 Rd8 39.Kg2 Rd4 40.Kf3 Rc4 41.Ke3 Kf6 42.f3 Rc1 43.Rb8 Rc7
44.Kd4 Ke7 45.Ra8 Kf6 46.Ra5 Bd7  1/2-1/2

[Event "World op"]
[Site "Philadelphia"]
[Date "1994.??.??"]
[Round "?"]
[White "Leverett, Bruce W"]
[Black "Goldin, Alexander"]
[Result "1/2-1/2"]
[WhiteElo "2245"]
[BlackElo "2585"]

1.d4 Nf6 2.c4 e6 3.Nc3 Bb4 4.e3 O-O 5.Bd3 d5 6.Nf3 c5 7.O-O dxc4 8.Bxc4 Nbd7
9.Qe2 b6 10.d5 e5 11.e4 Bxc3 12.bxc3 a6 13.a4 Ne8 14.Bd3 Nd6 15.Ne1 Re8 16.f3 Qc7
17.Qf2 c4 18.Bb1 Nc5 19.Be3 a5 20.Nc2 Nd3 21.Bxb6 Qb7 22.Qe3 f5 23.Kh1 f4
24.Qg1 Ra6 25.Bc5 Nxc5 26.Qxc5 Bd7 27.Ba2 Rc8 28.Qa3 g5 29.g4 Be8 30.Rab1 Qd7
31.Rb5 h5 32.Rg1 hxg4 33.Rxg4 Nxe4 34.Rg2 Bg6 35.Qb2 Nd6 36.Na3 Qh3 37.Qe2 e4
38.Rxg5 Nf7 39.d6 Nxg5 40.Rxg5 Rxd6 41.Nxc4 Rxc4 42.Qxc4+ Kf8 43.Qg8+ Ke7
44.Qg7+ Kd8 45.Qf8+ Kd7 46.Qg7+ Kd8 47.Qf8+  1/2-1/2

[Event "St Petersburg op"]
[Site "St Petersburg"]
[Date "1994.??.??"]
[Round "2"]
[White "Goldin, Alexander"]
[Black "Agrest, Evgenij"]
[Result "1/2-1/2"]
[WhiteElo "2585"]
[BlackElo "2475"]

1.d4 d6 2.Nf3 Bg4 3.e4 e6 4.h3 Bxf3 5.Qxf3 Nd7 6.g3 c6 7.Bg2 d5 8.O-O dxe4
9.Qxe4 Ngf6 10.Qe2 Bd6 11.Nd2 O-O 12.Nc4 Bc7 13.Rd1 Qb8 14.a4 a5 15.b3 Nd5
16.Bb2 Qa7 17.Nd2 Rfe8 18.Re1 Rad8 19.Rad1 N7f6 20.Nf3 Ne7 21.c4 Bb6 22.Bc3 Ng6
23.Qb2 Rd7 24.Rd2 Red8 25.Rde2 h5 26.d5 cxd5 27.Bxf6 gxf6 28.Qxf6 dxc4 29.bxc4 Rc8
30.Qg5 Rc5 31.Qh6 Nf8 32.Ng5 Rf5 33.Ne4 Bd4 34.Kh2 Qb8 35.Kg1 Bg7 36.Qe3 Bd4
37.Qh6 Ng6 38.h4 Bg7 39.Qe3 Ne5 40.Qb3 Rd3 41.Qb1 Rd4 42.Rb2 Rd7 43.Rb5 Ng4
44.Rxf5 exf5 45.Ng5 Nxf2 46.Kxf2 Rd2+ 47.Re2 Bd4+ 48.Kf1 Rxe2 49.Kxe2 Qxg3
50.Bd5 Qf2+ 51.Kd1 Qf1+ 52.Kc2 Qe2+ 53.Kb3 Qe3+ 54.Kc2 Qe2+ 55.Kb3 Qe3+ 56.Ka2 Qd2+
57.Kb3 Qc3+  1/2-1/2

[Event "St Petersburg op"]
[Site "St Petersburg"]
[Date "1994.??.??"]
[Round "3"]
[White "Yemelin, Vasily"]
[Black "Goldin, Alexander"]
[Result "0-1"]
[WhiteElo "2475"]
[BlackElo "2585"]

1.e4 c5 2.Nf3 Nc6 3.d4 cxd4 4.Nxd4 Nf6 5.Nc3 d6 6.Be2 e5 7.Nf3 h6 8.O-O Be7
9.Re1 O-O 10.h3 Be6 11.Bf1 Nb8 12.Na4 Qc7 13.b3 Bd7 14.c4 Bxa4 15.bxa4 Nbd7
16.Nh4 Rfe8 17.Nf5 Bf8 18.Qf3 Qc6 19.Rb1 Re6 20.c5 Nxc5 21.Bb5 Qc7 22.Bc4 Qa5
23.Re3 Nh7 24.Qg4 Rf6 25.Nxg7 Rf4 26.Qh5 Bxg7 27.Rg3 Kh8 28.Bxf4 exf4 29.Rxg7 Kxg7
30.Qxf7+ Kh8 31.Qxf4 Qc3 32.Bd5 Qf6 33.Qg3 Rf8 34.a5 Ng5 35.f3 Nd3 36.Rxb7 Qa1+
37.Kh2 Qf1 38.Qh4 Nxf3+ 39.gxf3 Qe2+ 40.Kg1 Qe3+ 41.Kh2 Qd2+ 42.Kg1 Qe3+
43.Kh2 Ne5 44.Rh7+ Kxh7 45.Qe7+ Rf7 46.Bxf7 Qf2+ 47.Kh1 Qxf3+ 48.Kg1 Qxf7
49.Qxd6 Qg6+ 50.Qxg6+ Kxg6 51.Kf2 Kf6 52.Ke3 Ke6 53.a6 Ng6 54.Kd4 Kd6 55.a4 h5
56.a5 h4 57.Ke3 Ke5 58.Kf3 Kd4 59.Kg4 Kxe4 60.Kg5 Kf3 61.Kxg6 Kg3  0-1

[Event "St Petersburg op"]
[Site "St Petersburg"]
[Date "1994.??.??"]
[Round "4"]
[White "Goldin, Alexander"]
[Black "Svidler, Peter"]
[Result "1/2-1/2"]
[WhiteElo "2585"]
[BlackElo "2505"]

1.d4 Nf6 2.c4 g6 3.Nc3 d5 4.Bg5 Bg7 5.Bxf6 Bxf6 6.cxd5 c6 7.e3 cxd5 8.Bb5+ Kf8
9.Nge2 Kg7 10.Nf4 e6 11.O-O a6 12.Be2 Qd6 13.Nd3 Nd7 14.Qb3 b6 15.f4 Bb7
16.Ne5 Rhd8 17.Rac1 b5 18.a4 b4 19.Na2 Be7 20.a5 Nxe5 21.fxe5 Qb8 22.Rf2 Bf8
23.Rcf1 Rd7 24.Qa4 Bc8 25.Nc1 Raa7 26.Nd3 Rac7 27.h4 Kg8 28.g4 Rd8 29.Qb3 Bb7
30.Nf4 Bc6 31.Bxa6 Qa8 32.Qd3 Ra7 33.Bb5 Bxb5 34.Qxb5 Rxa5 35.Qd3 Ra1 36.h5 Rxf1+
37.Qxf1 Bh6 38.hxg6 hxg6 39.Qd3 Bxf4 40.exf4 Qa1+ 41.Kg2 Kg7 42.f5 gxf5 43.gxf5 Rh8
44.f6+ Kf8 45.Qf1 Qxf1+ 46.Rxf1 Rh4 47.Rh1  1/2-1/2

[Event "St Petersburg op"]
[Site "St Petersburg"]
[Date "1994.??.??"]
[Round "5"]
[White "Pugachov, Alexey"]
[Black "Goldin, Alexander"]
[Result "1/2-1/2"]
[WhiteElo "2470"]
[BlackElo "2585"]

1.e4 c5 2.Nf3 Nc6 3.Bb5 g6 4.O-O Bg7 5.c3 Nf6 6.Qa4 O-O 7.d4 cxd4 8.cxd4 a6
9.d5 Nb8 10.Nc3 d6 11.Be3 Ng4 12.Bd2 Nd7 13.Be2 Nc5 14.Qc2 f5 15.h3 Ne5 16.Nxe5 Bxe5
17.Bh6 Rf7 18.exf5 Bxf5 19.Qd2 Qa5 20.g4 Bd7 21.Rab1 Qb4 22.a3 Qd4 23.Qxd4 Bxd4
24.b4 Na4 25.Nxa4 Bxa4 26.Rbc1 Bb2 27.Rb1 Bg7 28.Bxg7 Kxg7 29.Rbc1 Bb3 30.Bc4 Rf3
31.Rfe1 Bxc4 32.Rxc4 Re8 33.Rc7 Kf7 34.Re6 Rxh3 35.Rxd6 Rxa3 36.Rxb7 Rd3
37.g5 Kf8 38.Rdd7 Rd4 39.Kf1 Rg4 40.d6 Rxg5 41.Rxe7  1/2-1/2

[Event "St Petersburg op"]
[Site "St Petersburg"]
[Date "1994.??.??"]
[Round "7"]
[White "Zvjaginsev, Vadim"]
[Black "Goldin, Alexander"]
[Result "1/2-1/2"]
[WhiteElo "2545"]
[BlackElo "2585"]

1.d4 Nf6 2.c4 e6 3.Nc3 Bb4 4.Nf3 c5 5.g3 Nc6 6.Bg2 O-O 7.O-O cxd4 8.Nxd4 Ne5
9.Qb3 Be7 10.Rd1 Qa5 11.Bg5 h6 12.Bxf6 Bxf6 13.Ndb5 Be7 14.Rac1 a6 15.Nd6 Rb8
16.c5 b5 17.Nce4 f5 18.Qc3 Qxc3 19.Nxc3 Nf7 20.e4 Bxd6 21.cxd6 Rb6 22.exf5 Nxd6
23.fxe6 dxe6 24.Ne4 Nxe4 25.Bxe4 e5 26.Rc5 Bg4 27.Rd2 Bf5 28.Rxe5 Bxe4 29.Rxe4 Rf7
30.h4 g6 31.Red4 Rbf6 32.Rd6 Kf8 33.Rxf6 Rxf6 34.Rd7 Rc6 35.Ra7 Kg8 36.Kg2 Rf6
37.f4 h5 38.Kf3 Re6 39.g4 hxg4+ 40.Kxg4 Re2 41.Rxa6 Rg2+ 42.Kf3 Rxb2 43.Rxg6+ Kh7
44.Rg2 Rb1 45.Kg4 b4 46.Kg5 b3 47.a4 Ra1 48.Rb2 Rxa4 49.Rxb3 Ra1 50.Rb7+ Kg8
51.f5 Rg1+ 52.Kf6 Rh1 53.Rg7+ Kh8 54.Rg5 Rxh4 55.Kf7 Rh7+ 56.Kf8 Rh6 57.Kf7 Rh7+
58.Kf8 Rh6 59.Rg8+ Kh7 60.Rg7+ Kh8 61.Rg5 Rf6+ 62.Ke7 Ra6 63.f6 Kh7 64.f7 Ra7+  1/2-1/2

[Event "St Petersburg op"]
[Site "St Petersburg"]
[Date "1994.??.??"]
[Round "8"]
[White "Goldin, Alexander"]
[Black "Akopian, Vladimir"]
[Result "0-1"]
[WhiteElo "2585"]
[BlackElo "2605"]

1.d4 d5 2.c4 c6 3.Nf3 Nf6 4.Qb3 dxc4 5.Qxc4 Bf5 6.g3 Nbd7 7.Bg2 e6 8.O-O Nb6
9.Qb3 Qd5 10.Nbd2 Be7 11.Qd1 O-O 12.Nb3 Be4 13.Bf4 Nc4 14.Qc1 Nd7 15.Rd1 a5
16.Bf1 Bxf3 17.exf3 Ncb6 18.Nd2 Bf6 19.Ne4 Bxd4 20.Bd6 Rfc8 21.Ba3 c5 22.Bg2 Qc6
23.f4 Nd5 24.Nc3 N7f6 25.Ne2 b5 26.Nxd4 cxd4 27.Qxc6 Rxc6 28.b3 Rc2 29.Be7 Ng4
30.Rxd4 Nxf2 31.Bxd5 exd5 32.Rxd5 h6 33.Rd8+ Rxd8 34.Bxd8 a4 35.bxa4 bxa4
36.a3 Ng4 37.h3 Ne3 38.g4 Nd5 39.f5 Nf4 40.Kf1 Rh2 41.Kg1 Rd2 42.Bb6 Nxh3+
43.Kf1 Rd3 44.Kg2 Nf4+ 45.Kf2 Nd5 46.Bc5 Nf6 47.Ke2 Rd5 48.Bb4 Nxg4 49.Rf1 h5
50.Bc3 Rc5 51.Bd2 Re5+ 52.Kd3 Rb5 53.Bb4 Rd5+ 54.Ke4 Re5+ 55.Kd4 f6 56.Bd2 Kh7
57.Kd3 Rb5 58.Kc4 Rb3 59.Rh1 Ne5+ 60.Kc5 Rxa3 61.Rxh5+ Kg8 62.Kb4 Rf3 63.Kxa4 Nc4
64.Be1 Ne3 65.Rh2 Nxf5 66.Kb4 g5 67.Kc4 Kg7 68.Kd5 Rd3+ 69.Kc4 Rd4+ 70.Kc3 Rd8
71.Bd2 Ng3 72.Be1 Ne4+ 73.Kc2 Kg6 74.Ba5 Rd5 75.Bb6 f5 76.Rh8 f4 77.Rf8 Kh5
78.Re8 Ng3 79.Kc3 Kg4 80.Kc4 Rd7 81.Re5 Nf1 82.Kc3 Nd2 83.Re2 Nf3 84.Re8 Kg3
85.Rg8 g4 86.Rf8 Ng5 87.Kc2 Nh3  0-1

[Event "Chicago op"]
[Site "Chicago"]
[Date "1995.??.??"]
[Round "1"]
[White "Goldin, Alexander"]
[Black "Umezinwa, George"]
[Result "1-0"]
[WhiteElo "2580"]
[BlackElo "2300"]

1.d4 Nf6 2.c4 e6 3.Nf3 b6 4.g3 Ba6 5.b3 Bb4+ 6.Bd2 Be7 7.Bg2 d5 8.cxd5 exd5
9.O-O Nbd7 10.Nc3 O-O 11.Nh4 c6 12.Nf5 Ba3 13.Rb1 Bb4 14.a3 Bxc3 15.Bxc3 Re8
16.Re1 Ne4 17.Bxe4 Rxe4 18.f3 Re6 19.e4 Qf6 20.Rc1 Nf8 21.Ne3 Ree8 22.e5 Qg6
23.f4 Re7 24.f5 Qh6 25.Bd2 Rd7 26.Ng4 Qh3 27.Qf3 Ng6 28.fxg6 fxg6 29.e6 Rdd8
30.Qf7+  1-0

[Event "Chicago op"]
[Site "Chicago"]
[Date "1995.??.??"]
[Round "3"]
[White "Goldin, Alexander"]
[Black "Shabalov, Alexander"]
[Result "0-1"]
[WhiteElo "2580"]
[BlackElo "2570"]

1.d4 d5 2.c4 c6 3.Nf3 Nf6 4.Nc3 e6 5.Bg5 dxc4 6.a4 b5 7.axb5 cxb5 8.Nxb5 Qb6
9.Nc3 Qxb2 10.Bd2 Nd5 11.Nxd5 exd5 12.Rb1 Qa3 13.e4 Bd6 14.Rb5 O-O 15.Rxd5 c3
16.Bc1 Qb4 17.Bd3 c2+ 18.Qd2 Ba6 19.Ke2 Rc8 20.Qxb4 Bxd3+ 21.Kxd3 Bxb4 22.Bd2 Ba3
23.Bc1 Bf8 24.Bd2 Na6 25.Rc1 Rab8 26.Ne1 Rb3+ 27.Ke2 Rb1 28.Ra5 Nb4 29.Rxa7 g6
30.Ra1 Nc6 31.Nxc2 Nxd4+ 32.Nxd4 Rcxc1 33.Rxb1 Rxb1 34.Be3 Bc5 35.h4 Rb4
36.Kd3 Ra4 37.g3 Ra2 38.Kc3 Bb6 39.Kb3 Ra1 40.Kc4 Rd1 41.Kc3 Ba7 42.Nc2 Rd7
43.Bxa7 Rxa7 44.Nb4 Kg7 45.Nd3 Ra4 46.Nc5 Ra2 47.Nd3 Re2 48.Kd4 f6 49.Kd5 Kf7
50.Kd4 Ke8 51.Kd5 Ke7 52.Kd4 Kd6 53.g4 Ke7 54.g5 Kf7 55.Kd5 Rd2 56.Kd4 Rd1
57.Ke3 Rh1 58.e5 f5 59.f4 Rh3+ 60.Kd4 Rxh4 61.Kd5 Rh2 62.Kd4 Re2 63.Nc5 Ke7
64.Kd3 Ra2 65.Ke3 Ra3+  0-1

[Event "RUS-ch"]
[Site "Elista"]
[Date "1995.??.??"]
[Round "3"]
[White "Goldin, Alexander"]
[Black "Fominyh, Alexander"]
[Result "0-1"]
[WhiteElo "2585"]
[BlackElo "2515"]

1.d4 Nf6 2.c4 c5 3.d5 b5 4.cxb5 a6 5.bxa6 g6 6.Nc3 Bxa6 7.e4 Bxf1 8.Kxf1 d6
9.g3 Bg7 10.Kg2 Nbd7 11.Nf3 O-O 12.h3 Nb6 13.Re1 Qd7 14.Qc2 Qb7 15.Rb1 Nfd7
16.Bf4 Nc4 17.Qe2 Qb4 18.Rec1 Rfb8 19.Nd1 Nde5 20.Bxe5 Nxe5 21.Nxe5 Bxe5
22.a3 Qb5 23.Qf3 Bd4 24.b4 Qa4 25.Rb3 cxb4 26.Rcb1 Bc5 27.Nc3 Qxa3 28.Rxa3 Rxa3
29.Qd3 Rba8 30.Rc1 Rxc3 31.Rxc3 bxc3 32.Qxc3 Ra2 33.h4 Rxf2+ 34.Kh1 Re2 35.Qf3 Re3
36.Qf4 h5 37.Kg2 Re1 38.Qf3 Bd4 39.g4 Rg1+ 40.Kh2 hxg4 41.Qd3 g3+ 42.Kh3 Be5
43.Qf3 Rb1 44.h5 gxh5 45.Kh4 Rb2 46.Kxh5 Rh2+ 47.Kg5 Bf6+ 48.Kg4 g2  0-1

[Event "RUS-ch"]
[Site "Elista"]
[Date "1995.??.??"]
[Round "4"]
[White "Rustemov, Alexander"]
[Black "Goldin, Alexander"]
[Result "1/2-1/2"]
[WhiteElo "2475"]
[BlackElo "2585"]

1.d4 Nf6 2.Nf3 e6 3.c4 Bb4+ 4.Bd2 Qe7 5.g3 Nc6 6.Nc3 Bxc3 7.Bxc3 Ne4 8.Qc2 Nxc3
9.Qxc3 Qb4 10.Qxb4 Nxb4 11.Kd2 d6 12.Bg2 Bd7 13.Kc3 Nc6 14.Ne1 Rb8 15.Nd3 O-O
16.e3 Rfe8 17.Rhd1 Ne7 18.Rac1 Rec8 19.b3 Be8 20.Rd2 a5 21.Kb2 b6 22.Nf4 c6
23.Ne2 Rc7 24.Nc3 Ra7 25.e4 Kf8 26.f4 Rd8 27.Rcd1 d5 28.e5 dxc4 29.bxc4 b5
30.c5 Nd5 31.Nxd5 cxd5 32.a3 Rb8 33.Kb3 Bc6 34.Rf1 Ke7 35.f5 exf5 36.Rxf5 Rd8
37.Rdf2 Kf8 38.g4 h6 39.h4 Re7 40.g5 hxg5 41.hxg5 Kg8 42.Bf1 Be8 43.Bd3 b4
44.a4 Bd7 45.R5f4 g6 46.Rh2 Kg7 47.Rfh4 Rg8 48.Rh7+ Kf8 49.R7h4 Be6 50.Be2 Re8
51.Bg4 Bxg4 52.Rxg4 Ke7 53.Rgh4 Rc8 54.Rh7 Rc6 55.Rf2 Rf8 56.Rh3 Re6 57.Rhf3 Ke8
58.Rf6 Rxf6 59.exf6 Rh8 60.Re2+ Kd7 61.Re7+ Kc6 62.Rxf7 Rh3+ 63.Kc2 Rh2+
64.Kc1 Rh1+ 65.Kd2 b3 66.Kc3 b2 67.Kxb2 Rb1+  1/2-1/2

[Event "RUS-ch"]
[Site "Elista"]
[Date "1995.??.??"]
[Round "5"]
[White "Goldin, Alexander"]
[Black "Zakharevich, Igor"]
[Result "1-0"]
[WhiteElo "2585"]
[BlackElo "2430"]

1.d4 Nf6 2.c4 g6 3.g3 Bg7 4.Bg2 O-O 5.Nc3 d6 6.Nf3 Nbd7 7.O-O e5 8.e4 c6
9.h3 Re8 10.Be3 exd4 11.Nxd4 Nc5 12.Qc2 Qe7 13.Rfe1 Bd7 14.Nb3 Na6 15.Rad1 Be6
16.Qe2 Nd7 17.Nd4 Ne5 18.b3 Bc8 19.f4 Nd7 20.Qd2 Nb6 21.Nde2 Bf8 22.Bf2 Nc5
23.Nc1 Be6 24.Bd4 f6 25.Nd5 cxd5 26.exd5 Bf7 27.Rxe7 Bxe7 28.Re1 Ncd7 29.Ne2 f5
30.Bc3 Bf6 31.Bxf6 Nxf6 32.Nd4 Ne4 33.Bxe4 Rxe4 34.Rxe4 fxe4 35.f5 Nd7 36.Ne6 Ne5
37.Qh6  1-0

[Event "RUS-ch"]
[Site "Elista"]
[Date "1995.??.??"]
[Round "6"]
[White "Ionov, Sergey"]
[Black "Goldin, Alexander"]
[Result "1-0"]
[WhiteElo "2525"]
[BlackElo "2585"]

1.d4 Nf6 2.c4 e6 3.Nf3 Bb4+ 4.Nbd2 b6 5.a3 Bxd2+ 6.Qxd2 Bb7 7.e3 d6 8.Be2 O-O
9.O-O a5 10.b3 Ne4 11.Qd3 f5 12.Bb2 Nd7 13.Rad1 Rf6 14.d5 Rh6 15.g3 e5 16.Ne1 Qg5
17.f4 Qg6 18.Ng2 Rh3 19.Qc2 h5 20.fxe5 dxe5 21.Bd3 Rf8 22.Bxe4 fxe4 23.Rxf8+ Kxf8
24.Rf1+ Kg8 25.Qf2 h4 26.Qf5 Qxf5 27.Rxf5 hxg3 28.hxg3 g6 29.Rg5 Rh5 30.Rxg6+ Kf7
31.Rg4 Nf6 32.Rh4 Rg5 33.Rh8 Ne8 34.Kh2 Rf5 35.Kg1 Ke7 36.Nh4 Rg5 37.Bxe5 Kd7
38.Bf4 Rg7 39.Nf5 Rf7 40.Nd4 Nf6 41.Ne6 Ne8 42.Nf8+ Ke7 43.Ng6+  1-0